00611 2200181 4500001002100000005001500021035002000036007000300056008004100059082001100100084001500111100004800126245013600174260005000310300003400360650002400394990001100418INLIS00000000001291620220707110013 a0010-0722000400ta220707 g 0 ind  a342.02 a342.02 PAN0 aPANDUAN, Pemasyarakatan Undang-Undang Dasar1 aPanduan Pemasyarakatan Undang-Undang Dasar Negara Republik Indonesia Tahun 1945 dan Ketetapan MPR RI /cSekretariat Jenderal MPR RI aJakarta :bSekretariat Jenderal MPR RI,c2020 axi, 294 hlm :bilus. ;c21 cm 4aUNDANG-UNDANG DASAR a8383 a